000 004690000a22001810004500
003 MACL
005 20151219153646.0
008 151219b xxu||||| |||| 00| 0 eng d
040 _aMACL
_cMACL
041 _aEnglish
082 _a610/KUM
100 _aKumar, Deepak
_921472
245 _aDisease and Medicine in India
_bA Historical Overview
260 _bTulika Books
_c2001
_aDelhi
350 _a495
650 _aMedical Science
_921473
942 _cBK
_k610/KUM
_2ddc
999 _c40312
_d40312